| 000 | 00000nam 2200000za 4500 |
| 001 | 9.609092 |
| 003 | CaOODSP |
| 005 | 20241010150256 |
| 007 | ta |
| 008 | 150406s1991 oncabo # b f000 0 eng d |
| 020 | |a0-662-18577-3 |
| 040 | |aCaOODSP|beng |
| 043 | |an-cn--- |
| 086 | 1 |aZ1-1988/1-41-11E |
| 100 | 1 |aBarrett, Suzanne. |
| 245 | 10|aEast Bayfront and Port Industrial Area : |bpathways : towards an ecosystem approach : a report of phases I and II of an environmental audit of Toronto's East Bayfront and Port Industrial area / |cprepared for the Royal Commission on the Future of the Toronto Waterfront by Suzanne Barrett and Joanna Kidd. |
| 246 | 10|aPathways : |btowards an ecosystem approach |
| 246 | 10|aReport of phases I and II of an environmental audit of Toronto's East Bayfront and Port Industrial area |
| 260 | |aOttawa : |bRoyal Commission on the Future of the Toronto Waterfront, |c1991. |
| 300 | |a168 p. : |bill., maps, photos ; |c26 cm. |
| 490 | 1 |a[Working group report.] ; |v11 |
| 500 | |a"April 1991." |
| 500 | |aIssued also in French under title: East Bayfront et le secteur industriel portuaire : voies multiples : vers une démarche axée sur l'écosystème : rapport des phases I et II d'un examen environnemental d'East Bayfront et du secteur industriel portuaire. |
| 504 | |aIncludes bibliographical references (p. 151-154). |
| 520 | |aThis report on the environmental audit of the East Bayfront and Port Industrial Area of the City of Toronto is the record of a pioneering effort in two important ways: first, in its use of an ecosystem approach and, second, in the way the audit team itself operated. |
| 692 | 07|2gccst|aCommissions of inquiry |
| 692 | 07|2gccst|aIndustrial development |
| 692 | 07|2gccst|aEcosystems |
| 700 | 1 |aKidd, Joanna. |
| 710 | 1 |aCanada. |bPrivy Council Office. |
| 710 | 2 |aRoyal Commission on the Future of the Toronto Waterfront (Canada) |
| 776 | 0#|tEast Bayfront and Port Industrial Area |w(CaOODSP)9.831685 |
| 830 | #0|a[Working group report.]|v11.|w(CaOODSP)9.514935 |